| 000 | 00936nam a2200277 a 4500 | ||
|---|---|---|---|
| 999 |
_c423589 _d423589 |
||
| 003 | BLK | ||
| 005 | 20240716005339.0 | ||
| 008 | 180409b bul|||||r ||||||| ||bul|| | ||
| 040 | _aBLK | ||
| 041 |
_aBUL _cBUL |
||
| 080 |
_aАнглийска литература _b821.111 _x-21 _z821.111-21 |
||
| 100 | 1 |
_aШекспир, Уилям _d1564 - 1616 _9143127 |
|
| 139 |
_aШекспир, Уилиам _bШ 50 |
||
| 245 | 1 | 0 |
_aМакбет _cУилиам Шекспир; прев. Николай Вранчев. |
| 250 | _a3 изд. | ||
| 257 | _aGBR | ||
| 260 |
_aСофия _bРалица _c1934 |
||
| 300 |
_a102 с. _c18 см |
||
| 380 | _aX | ||
| 490 |
_aБиблиотека Ралица _v№ 24 _9204751 |
||
| 501 | _a1. изд. 1924 | ||
| 700 | 1 |
_aВранчев, Николай _eпрев. _9370908 |
|
| 852 | _aЦб 8.185.3821 | ||
| 942 |
_cKNG _n0 _s1 |
||
| 944 |
_aCR _c2021-07-13 _k _lCRON CRON |
||